Library Banner

Religion and politics in the Graeco-Roman world (Record no. 83442)

MARC details
000 -LEADER
fixed length control field 00495nam a2200169Ia 4500
001 - CONTROL NUMBER
control field 71039
008 - FIXED-LENGTH DATA ELEMENTS--GENERAL INFORMATION
fixed length control field 160226s9999 xx 000 0 und d
020 ## - INTERNATIONAL STANDARD BOOK NUMBER
International Standard Book Number 9789602671405
040 ## - CATALOGING SOURCE
Transcribing agency PK-LaUMT
082 ## - DEWEY DECIMAL CLASSIFICATION NUMBER
Classification number 282.08093923
Item number PAC-R
100 ## - MAIN ENTRY--PERSONAL NAME
Personal name Pachis, Panayotis
245 ## - TITLE STATEMENT
Title Religion and politics in the Graeco-Roman world
Remainder of title redescribing the Isis-sarapis cult
Statement of responsibility, etc Pachis, Panayotis
260 ## - PUBLICATION, DISTRIBUTION, ETC. (IMPRINT)
Place of publication, distribution, etc Thessaloniki:
Name of publisher, distributor, etc Barbounakis Publications,
Date of publication, distribution, etc 2010
300 ## - PHYSICAL DESCRIPTION
Extent 396 p.
546 ## - LANGUAGE NOTE
Language note EN
942 ## - ADDED ENTRY ELEMENTS (KOHA)
Koha item type Books
Holdings
Withdrawn status Lost status Damaged status Not for loan Home library Current library Date acquired Total Checkouts Full call number Barcode Date last seen Price effective from Koha item type
        UMT Main Campus UMT Main Campus 2016-02-26   282.08093923 PAC-R 97679 2016-02-26 2016-02-26 Books